000 00571nam a2200181Ia 4500
008 090123s9999 xx 000 0 und d
082 _b16438
100 _aजेम्स हॅडले चेस
245 _aखतरनाक बिवी
250 _a0
260 _bप्रेम पॉकेट बुक्स
300 _a192
600 _aजेम्स हॅडले चेस
630 _aखतरनाक बिवी
700 _aजेम्स हॅडले चेस
730 _aखतरनाक बिवी
942 _cBOOK
999 _c54502
_d54502